000 00397nam a2200145Ia 4500
008 231129s2002||||xx |||||||||||||| ||spa||
020 _a84-9729-006-2
040 _bspa
082 _a613.70446 Z96g
100 _aZurdo César
245 0 _aGuí­a de hábitos saludables para mayores
260 _c2002
264 _aINDE Publicaciones
942 _2ddc
_cBKS
999 _c14735
_d14735